|
|
|
|
| LEADER |
00000nab a2200000 a 4500 |
| 001 |
vtls000833553 |
| 003 |
SK-MaSNL |
| 005 |
20260304105341.0 |
| 008 |
250429c1998 xo 0 slo |
| 015 |
|
|
|a SNBRA2003/04-12921
|
| 035 |
|
|
|a CLN000185208
|
| 035 |
|
|
|a urn:nbn:sk:snk-ab9tos
|
| 035 |
|
|
|a (urnnbn)urn:nbn:sk:snk:ar-a08uls
|
| 035 |
|
|
|a (uuid)326c1cea-b99c-41d9-82df-2eb515cb95dc
|
| 040 |
|
|
|a SNKBUCL
|b slo
|c SNKBUCL
|e AACR2
|
| 041 |
0 |
|
|a slo
|
| 044 |
|
|
|a xo
|c SK
|
| 080 |
|
|
|a 902-051
|2 1997
|
| 080 |
|
|
|a 929 Budinský-Krička, Vojtech
|2 1997
|
| 100 |
1 |
|
|a Čaplovič, Dušan,
|d 1946-2025
|4 aut
|9 105506
|
| 245 |
1 |
0 |
|a K nedožitým 95. narodeninám nestora slovenskej archeológie Vojtecha Budinského-Kričku
|c Dušan Čaplovič
|
| 300 |
|
|
|b Fotogr.
|
| 600 |
2 |
7 |
|a Budinský-Krička, Vojtech,
|d 1903-1993
|2 snkbucl
|9 256521
|
| 655 |
|
7 |
|a články zo zborníkov
|2 snkbucl
|9 166140
|
| 773 |
0 |
|
|t Historický zborník 8
|d Martin : Matica slovenská, 1998
|g S. 163-166
|z 8070905026
|
| 850 |
|
|
|a Slovenská národná knižnica
|
| 852 |
|
|
|a Slovenská národná knižnica
|
| 954 |
|
|
|a odborná, vedecká literatúra pôvodná (slovenská)
|2 lita
|
| 958 |
|
|
|a article13
|
| 958 |
|
|
|a OND
|
| 958 |
|
|
|a BX
|
| 958 |
|
|
|a SK
|
| 958 |
|
|
|a EUIPO
|
| 992 |
|
|
|a RZB
|
| 999 |
|
|
|c 2855331
|d 2857261
|